[Event "ICS rated blitz match"]
[Site "204.178.125.65"]
[Date "2000.11.20"]
[Round "?"]
[White "PostModernist"]
[Black "Hossa"]
[Result "1-0"]
[WhiteElo "2668"]
[BlackElo "2427"]
[PlyCount "187"]
[EventDate "2000.??.??"]

1. e4 e5 2. Bc4 Nf6 3. d3 c6 4. Nf3 d5 5. Bb3 Bg4 6. h3 Bxf3 7. Qxf3 Bc5 8.
exd5 Nxd5 9. Nc3 Nf6 10. Qg3 O-O 11. Bd2 Bd4 12. O-O Kh8 13. Rfe1 Nbd7 14. a4
Nb6 15. a5 Nbd7 16. Red1 Nc5 17. Bc4 Qe7 18. b4 Ne6 19. Rab1 Nh5 20. Qg4 Nf6
21. Qh4 Qd8 22. Ne2 a6 23. c3 Ba7 24. Bxe6 fxe6 25. Bg5 Qd7 26. d4 exd4 27.
Bxf6 Rxf6 28. Nxd4 Raf8 29. Nf3 Qf7 30. Rb2 Rf4 31. Ne5 Rxh4 32. Nxf7+ Kg8 33.
Ng5 Rhf4 34. Nf3 Rc4 35. Rb3 Rcf4 36. Re1 Kf7 37. Rb2 Rf6 38. Rd2 Ke7 39. Red1
Rf4 40. Rd7+ Kf6 41. Rxb7 Bb8 42. Rb6 Rc8 43. Rxa6 Rc4 44. Nd2 Rh4 45. f3 Rc7
46. Ne4+ Ke7 47. c4 Ba7+ 48. Kf1 Bb8 49. Ra8 Ba7 50. Rdd8 Be3 51. Rg8 Rxe4 52.
Rxg7+ Kf6 53. Rxc7 Rxc4 54. Rxh7 Rxb4 55. Re8 Bf4 56. Rhe7 e5 57. Re6+ Kf7 58.
a6 Rb1+ 59. Ke2 Rb2+ 60. Kd3 Rxg2 61. R6e7+ Kf6 62. a7 Ra2 63. Rb7 Ra3+ 64. Kc4
Ra4+ 65. Kb3 Ra5 66. a8=Q Rxa8 67. Rxa8 Ke6 68. Rc7 Kd5 69. Rd8+ Kc5 70. Rdc8
Kd4 71. Rxc6 Bg5 72. Re6 Bf4 73. Rc4+ Ke3 74. Rxe5+ Bxe5 75. Re4+ Kf2 76. Rxe5
Kg3 77. Kc4 Kf4 78. Kd3 Kxe5 79. Ke3 Kf5 80. f4 Kg6 81. Ke4 Kf6 82. f5 Kf7 83.
Ke5 Ke7 84. f6+ Kf7 85. h4 Kg6 86. Ke6 Kh5 87. f7 Kg4 88. f8=Q Kg3 89. Qf1 Kg4
90. Qg2+ Kf4 91. Qe2 Kg3 92. Kf5 Kh3 93. Kf4 Kxh4 94. Qg4# {Hossa checkmated}
1-0

[Event "ICS rated blitz match"]
[Site "204.178.125.65"]
[Date "2000.11.20"]
[Round "?"]
[White "Hossa"]
[Black "Alexander-X"]
[Result "1-0"]
[WhiteElo "2421"]
[BlackElo "1930"]
[PlyCount "99"]
[EventDate "2000.??.??"]

1. e4 c5 2. c3 d6 3. d4 Nf6 4. Bd3 Nc6 5. d5 Nb8 6. Nf3 g6 7. O-O Bg7 8. Na3
Bg4 9. h3 Bxf3 10. Qxf3 Nbd7 11. Bf4 Nh5 12. Bg5 Ne5 13. Bb5+ Kf8 14. Qd1 a6
15. Be2 Nf6 16. Qc2 h6 17. Be3 b5 18. c4 b4 19. Nb1 Ned7 20. Nd2 Ne8 21. Nb3
Nc7 22. Bf4 Be5 23. Qd2 Kg7 24. Bxe5+ Nxe5 25. Qf4 e6 26. Nxc5 Qf6 27. Qxf6+
Kxf6 28. Nb7 Ke7 29. c5 Ne8 30. Rfd1 Rb8 31. Bxa6 exd5 32. Rxd5 Ke6 33. cxd6
Rxb7 34. Bxb7 Nxd6 35. f4 Nec4 36. Rd4 Na5 37. Bd5+ Ke7 38. Rxb4 Rc8 39. e5 Nf5
40. Rb5 Nc4 41. Rb7+ Kf8 42. Rxf7+ Ke8 43. Rh7 Nce3 44. Bf7+ Kf8 45. Bxg6 Rc2
46. Bxf5 Rxg2+ 47. Kh1 Rxb2 48. Rc1 Rb8 49. Rcc7 Nxf5 50. Rh8# {
Alexander-X checkmated} 1-0

[Event "ICS rated blitz match"]
[Site "204.178.125.65"]
[Date "2000.11.20"]
[Round "?"]
[White "PostModernist"]
[Black "Hossa"]
[Result "1-0"]
[WhiteElo "2675"]
[BlackElo "2423"]
[PlyCount "165"]
[EventDate "2000.??.??"]

1. e4 c5 2. c3 d5 3. exd5 Qxd5 4. d4 Nf6 5. Nf3 e6 6. Na3 Nc6 7. Be2 cxd4 8.
Nb5 Bd6 9. O-O Bb8 10. Nbxd4 Nxd4 11. Qxd4 Qxd4 12. Nxd4 O-O 13. Bg5 e5 14.
Bxf6 gxf6 15. Nb3 Bd6 16. Rad1 Rd8 17. Nc5 Rb8 18. Rd2 b6 19. Na6 Bxa6 20. Bxa6
Be7 21. Rfd1 Rxd2 22. Rxd2 Rd8 23. Rxd8+ Bxd8 24. g4 Be7 25. Kg2 Bf8 26. Kf3
Bh6 27. c4 Bc1 28. b4 Bd2 29. b5 Kf8 30. Bc8 Bc3 31. Bf5 Kg7 32. Bb1 Bd2 33. h3
Bb4 34. Be4 Bd6 35. Bf5 Bc5 36. h4 Bd4 37. Be4 Bc3 38. h5 Bb4 39. Bd3 Bc5 40.
Bc2 Bd4 41. Ke2 Bc3 42. f3 Bd4 43. Bf5 Bg1 44. Kd3 Bh2 45. Ke4 h6 46. Kd5 Kf8
47. Kc6 Ke7 48. Kb7 Kd6 49. Kxa7 Bg1 50. a4 Kc5 51. Ka6 Bh2 52. Be4 Bg1 53. a5
bxa5 54. b6 Kd6 55. Kxa5 Bc5 56. Kb5 Bd4 57. Bd5 f5 58. g5 e4 59. fxe4 hxg5 60.
exf5 g4 61. h6 g3 62. Bc6 Be5 63. h7 g2 64. c5+ Ke7 65. Bxg2 Kf8 66. c6 Kg7 67.
Bd5 Kxh7 68. Bxf7 Kg7 69. c7 Kf6 70. c8=Q Bf4 71. b7 Kg5 72. b8=Q Bxb8 73. Qxb8
Kg4 74. Qg3+ Kxg3 75. f6 Kh3 76. Bg8 Kh4 77. f7 Kh5 78. f8=Q Kg4 79. Be6+ Kg5
80. Qf7 Kh6 81. Qg8 Kh5 82. Qg7 Kh4 83. Qg4# {Hossa checkmated} 1-0

[Event "ICS rated blitz match"]
[Site "204.178.125.65"]
[Date "2000.11.20"]
[Round "?"]
[White "Hossa"]
[Black "CosmicJoke"]
[Result "0-1"]
[WhiteElo "2417"]
[BlackElo "2870"]
[PlyCount "124"]
[EventDate "2000.??.??"]

1. c4 Nf6 2. d4 e6 3. Nc3 Bb4 4. Qc2 O-O 5. Nf3 c5 6. a3 Bxc3+ 7. bxc3 Qa5 8.
Bd2 d6 9. e4 e5 10. Bd3 Nc6 11. d5 Ne7 12. O-O Bg4 13. Nh4 Rac8 14. Bg5 h6 15.
Bxf6 gxf6 16. Rab1 b6 17. Qd2 Kg7 18. f4 Ng6 19. Be2 Bd7 20. Nxg6 fxg6 21. Ra1
Kh7 22. Rf2 Rce8 23. Raf1 Kg7 24. Qb2 exf4 25. Rxf4 g5 26. R4f2 Rxe4 27. Bd3
Re3 28. Rf3 Rxf3 29. Rxf3 f5 30. Bc2 f4 31. Rf1 Re8 32. Bb1 Qa4 33. Ba2 Bf5 34.
Bb3 Qa6 35. Rd1 Re3 36. h4 Bd3 37. hxg5 hxg5 38. Bc2 Bxc4 39. Bf5 Qa4 40. Qa1
Qb3 41. Rc1 Re2 42. Be6 Ra2 43. Qb1 Qxa3 44. Rd1 Qxc3 45. Qf5 Qf6 46. Bd7 Qxf5
47. Bxf5 Bb3 48. Rd3 Bc2 49. Be4 Bxd3 50. Bxd3 a5 51. Bb5 a4 52. Bd3 Rb2 53. g3
fxg3 54. Kf1 Kf6 55. Kg1 b5 56. Bxb5 Rxb5 57. Kg2 Rb3 58. Kh3 g4+ 59. Kg2 a3
60. Kg1 Rb2 61. Kf1 a2 62. Kg1 a1=Q# {Hossa checkmated} 0-1

[Event "ICS rated bullet match"]
[Site "204.178.125.65"]
[Date "2000.11.20"]
[Round "?"]
[White "roch"]
[Black "Hossa"]
[Result "0-1"]
[WhiteElo "2317"]
[BlackElo "2596"]
[PlyCount "42"]
[EventDate "2000.??.??"]

1. c4 Nf6 2. Nc3 e5 3. Nf3 Nc6 4. e3 g6 5. d4 exd4 6. exd4 Qe7+ 7. Be2 Bg7 8.
d5 Ne5 9. O-O d6 10. Bg5 h6 11. Bf4 Bd7 12. Re1 O-O 13. Bf1 Nh5 14. Nxe5 Nxf4
15. Nxg6 Nh3+ 16. gxh3 Qg5+ 17. Kh1 fxg6 18. Ne4 Qh4 19. Ng3 Bxb2 20. Rb1 Rxf2
21. Qd3 Bf5 {roch resigns} 0-1

[Event "ICS rated blitz match"]
[Site "204.178.125.65"]
[Date "2000.11.20"]
[Round "?"]
[White "CosmicJoke"]
[Black "Hossa"]
[Result "1/2-1/2"]
[WhiteElo "2872"]
[BlackElo "2415"]
[PlyCount "338"]
[EventDate "2000.??.??"]

1. e4 c5 2. Nf3 e6 3. d4 cxd4 4. Nxd4 a6 5. Bd3 Nf6 6. O-O d6 7. c4 g6 8. Nc3
Bg7 9. Qa4+ Nbd7 10. Nb3 O-O 11. Be2 Ne8 12. Be3 b6 13. Rad1 Bb7 14. c5 bxc5
15. Nxc5 Nxc5 16. Bxc5 Bxc3 17. bxc3 Qc7 18. Ba3 Qxc3 19. Bxd6 Nxd6 20. Rxd6
Rfc8 21. Rd4 Qb2 22. Bd3 a5 23. Rd6 Rc1 24. g3 Rxf1+ 25. Kxf1 Qc1+ 26. Kg2 Qc3
27. Qd4 Qxd4 28. Rxd4 Bc6 29. Kf3 Rc8 30. Ke3 e5 31. Rd6 g5 32. Ba6 Rc7 33. Rd2
Ra7 34. Bd3 Kg7 35. Rc2 Bd7 36. Rc5 Kf6 37. f4 exf4+ 38. gxf4 gxf4+ 39. Kxf4
Kg7 40. Bc4 a4 41. Ke5 Rb7 42. Bd5 Rb2 43. Rc7 Be8 44. h3 Rb6 45. Rc3 Rg6 46.
Kd4 Rg1 47. Rc8 Bb5 48. Rb8 Be2 49. Rb7 Rf1 50. Ra7 Bd1 51. Ke3 Bc2 52. Bc4 Rh1
53. Rxf7+ Kg6 54. Rf3 Bd1 55. Rg3+ Kf6 56. Kf4 Re1 57. Rg2 Bh5 58. Rb2 Bg6 59.
e5+ Kg7 60. Be2 Bf7 61. Bf3 Rf1 62. Ke3 Re1+ 63. Kd4 a3 64. Rb7 Kg8 65. Rb8+
Kg7 66. Ra8 Bxa2 67. Rxa3 Bb1 68. Ra1 Kh6 69. h4 Kg7 70. Ra7+ Kh6 71. Rf7 Bg6
72. Rf6 Kg7 73. h5 Bf7 74. h6+ Kg8 75. Rc6 Kf8 76. Rc8+ Ke7 77. Rc7+ Kf8 78.
Be4 Rd1+ 79. Ke3 Ra1 80. Bxh7 Ra6 81. Rc8+ Ke7 82. Be4 Rxh6 83. Rc7+ Kf8 84.
Kd4 Rh2 85. Rb7 Rh4 86. Ke3 Rh3+ 87. Kf4 Rh4+ 88. Kf3 Rh5 89. Rb8+ Ke7 90. Kf4
Rh4+ 91. Ke3 Rh3+ 92. Kd4 Rh4 93. Rb6 Be6 94. Rb7+ Kf8 95. Rh7 Rxh7 96. Bxh7
Ke8 97. Bb1 Bb3 98. Bg6+ Bf7 99. Bf5 Ke7 100. Be4 Ke8 101. Bd3 Bh5 102. Bb5+
Kf7 103. Bc4+ Ke8 104. Bd5 Bg4 105. Ke3 Kd7 106. Kd3 Bf5+ 107. Kd4 Be6 108. Be4
Bg4 109. Bh1 Ke8 110. Bd5 Bh3 111. Be4 Bg4 112. Kd5 Kf7 113. Kd6 Bh3 114. Bd5+
Kf8 115. Bc6 Bg4 116. Bd7 Bf3 117. e6 Bh5 118. e7+ Kg8 119. Kd5 Bf3+ 120. Ke5
Bh5 121. Kf6 Kh7 122. Ba4 Kh6 123. Bc6 Kh7 124. Be4+ Kh6 125. Bd3 Be8 126. Bc4
Bd7 127. Bf7 Bc6 128. Bg8 Bb5 129. Be6 Bc6 130. Bb3 Bb5 131. Bd5 Ba4 132. Be4
Bb5 133. Bf5 Ba4 134. Bh3 Bb5 135. Bc8 Ba4 136. Bf5 Bb5 137. Bg4 Ba4 138. Be2
Bc6 139. Bd1 Bb5 140. Bb3 Kh7 141. Bf7 Ba4 142. Be6 Bc6 143. Bf5+ Kg8 144. Bc2
Bb5 145. Bg6 Ba4 146. Bd3 Bc6 147. Bf5 Bb5 148. Be6+ Kh8 149. Kg6 Be8+ 150. Bf7
Bd7 151. Bb3 Be8+ 152. Kf6 Bd7 153. Bc2 Kg8 154. Be4 Bb5 155. Bd5+ Kh8 156. Be6
Ba4 157. Ke5 Kg7 158. Bc4 Bc6 159. Bb3 Bb5 160. Ke6 Bc6 161. Bc4 Kg6 162. Ba6
Ba4 163. Bb7 Bb5 164. Bc8 Bc4+ 165. Kd6 Bf7 166. Be6 Be8 167. Ke5 Bb5 168. Bf5+
Kh5 169. Bd3 Ba4 {Game drawn by the 50 move rule} 1/2-1/2

[Event "ICS rated blitz match"]
[Site "204.178.125.65"]
[Date "2000.11.20"]
[Round "?"]
[White "Hossa"]
[Black "darkman13"]
[Result "1-0"]
[WhiteElo "2429"]
[BlackElo "2024"]
[PlyCount "89"]
[EventDate "2000.??.??"]

1. e4 d6 2. d4 c6 3. Bd3 Nd7 4. Nf3 e5 5. O-O Be7 6. Be3 Ngf6 7. Ng5 h6 8. Nf3
O-O 9. c3 Re8 10. Nbd2 Qc7 11. Nb3 Nf8 12. dxe5 dxe5 13. Qe2 Be6 14. Nc5 Bxc5
15. Bxc5 N6d7 16. Be3 Ng6 17. Rfd1 b6 18. b3 Rad8 19. Rab1 Nf6 20. a4 Ng4 21.
Bc1 c5 22. Bd2 Rd6 23. Ba6 Red8 24. b4 Kh7 25. bxc5 Qxc5 26. h3 Nf6 27. Bb5 Nh5
28. Ng5+ hxg5 29. Qxh5+ Kg8 30. Bxg5 Rxd1+ 31. Rxd1 Rxd1+ 32. Qxd1 Qxc3 33.
Qd8+ Kh7 34. Be3 Nf4 35. Qb8 Qe1+ 36. Kh2 Ng6 37. Qxa7 Nf4 38. Qxb6 Ne2 39.
Bxe2 Qxe2 40. a5 Qc4 41. f3 Qe2 42. a6 f5 43. a7 f4 44. Qxe6 Qxe3 45. a8=Q {
darkman13 resigns} 1-0

[Event "ICS rated blitz match"]
[Site "204.178.125.65"]
[Date "2000.11.20"]
[Round "?"]
[White "Hossa"]
[Black "Greb"]
[Result "1-0"]
[WhiteElo "2432"]
[BlackElo "2038"]
[PlyCount "129"]
[EventDate "2000.??.??"]

1. e4 e6 2. Nf3 d5 3. exd5 exd5 4. Bb5+ c6 5. Bd3 Bd6 6. O-O Ne7 7. Be2 O-O 8.
d4 Ng6 9. c4 dxc4 10. Bxc4 Qc7 11. Re1 Bg4 12. h3 Bf5 13. Nc3 Nd7 14. Ne4 Bxe4
15. Rxe4 Nb6 16. Bd3 Nd5 17. Bd2 Ngf4 18. Bc4 Rae8 19. Ne5 Bxe5 20. dxe5 Rd8
21. Qc2 Ne6 22. Rh4 g6 23. Bh6 Rfe8 24. Re1 Ne7 25. Bxe6 fxe6 26. Ra4 Nf5 27.
Bg5 Rd5 28. Bf6 a6 29. Rf4 Qa5 30. b4 Qa3 31. Kh1 Qd3 32. Qc1 Qd2 33. g4 Qxc1
34. Rxc1 Nd4 35. Re4 Kf7 36. f4 h5 37. Re3 hxg4 38. hxg4 Rf8 39. Rh3 Ke8 40.
Rh7 Rf7 41. Rh2 Kd7 42. Rd1 Kc7 43. Rd3 Rfd7 44. Bg5 Nb5 45. Rxd5 Rxd5 46. Rh6
Rd1+ 47. Kg2 Rd2+ 48. Kh3 Rxa2 49. Rxg6 Nd4 50. Rg7+ Kb6 51. Bd8+ Kb5 52. Rxb7+
Kc4 53. Rb6 Kd3 54. Kh4 Ke4 55. Kg5 Nf3+ 56. Kf6 Kxf4 57. Rxc6 Rh2 58. Rc4+ Ke3
59. Kxe6 Rh6+ 60. Kd5 Rh7 61. e6 Nd2 62. Bg5+ Kd3 63. Rd4+ Kc3 64. Bxd2+ Kb3
65. Kd6 {Greb resigns} 1-0

[Event "ICS rated blitz match"]
[Site "204.178.125.65"]
[Date "2000.11.20"]
[Round "?"]
[White "Greb"]
[Black "Hossa"]
[Result "0-1"]
[WhiteElo "2035"]
[BlackElo "2435"]
[PlyCount "38"]
[EventDate "2000.??.??"]

1. d4 Nf6 2. Nf3 d5 3. g3 e6 4. Bg2 Be7 5. O-O O-O 6. c4 dxc4 7. Ne5 c5 8. dxc5
Bxc5 9. Nxc4 Nc6 10. e3 Qc7 11. b3 Rd8 12. Qe2 e5 13. Bb2 Bg4 14. f3 Bf5 15.
Nbd2 Bd3 16. Qf2 b5 17. Na3 Bxf1 18. Bxf1 Qd6 19. Nxb5 Qxd2 {Greb resigns} 0-1

[Event "ICS rated standard match"]
[Site "204.178.125.65"]
[Date "2000.11.20"]
[Round "?"]
[White "PostModernist"]
[Black "Hossa"]
[Result "1-0"]
[WhiteElo "2401"]
[BlackElo "2255"]
[PlyCount "145"]
[EventDate "2000.??.??"]

1. d4 Nf6 2. c4 e6 3. Nf3 d5 4. Nc3 c6 5. e3 Nbd7 6. Bd3 dxc4 7. Bxc4 Nb6 8.
Bd3 c5 9. O-O cxd4 10. exd4 Be7 11. Ne5 O-O 12. Bg5 h6 13. Be3 Nbd5 14. Rc1 Bd6
15. Nxd5 exd5 16. Re1 Re8 17. f4 Qb6 18. Qe2 Ne4 19. a4 Bb4 20. Bxe4 dxe4 21.
Qc4 Rf8 22. d5 Qa5 23. Rf1 Rd8 24. Rfd1 g6 25. h3 Bf8 26. Qxe4 Bf5 27. Qd4 Be6
28. dxe6 Rxd4 29. exf7+ Kh7 30. Rxd4 Bc5 31. Re4 Bxe3+ 32. Rxe3 Qxa4 33. Rc4
Qb5 34. Rec3 Rf8 35. Rc8 Qb6+ 36. Kh1 Qb4 37. Rxf8 Qxf8 38. Rc7 Kg7 39. Nd7
Qxf7 40. Nc5 Qxc7 41. Ne6+ Kf6 42. Nxc7 Ke7 43. g4 Kd6 44. Nb5+ Kd5 45. Nc3+
Kd4 46. h4 a5 47. g5 hxg5 48. hxg5 Kc5 49. f5 Kd6 50. Ne4+ Kd7 51. fxg6 Ke8 52.
Nd6+ Kf8 53. g7+ Kxg7 54. Nxb7 a4 55. g6 Kf6 56. g7 Ke5 57. g8=Q a3 58. Qg5+
Kd4 59. bxa3 Kc3 60. Qd2+ Kxd2 61. a4 Kc3 62. a5 Kc4 63. a6 Kd4 64. a7 Ke3 65.
a8=Q Ke4 66. Qb8 Kd4 67. Qd6+ Ke3 68. Qb4 Kf3 69. Qd4 Kg3 70. Nd6 Kh3 71. Qg7
Kh4 72. Ne4 Kh5 73. Qg5# {Hossa checkmated} 1-0

[Event "ICS rated blitz match"]
[Site "204.178.125.65"]
[Date "2000.11.20"]
[Round "?"]
[White "Hossa"]
[Black "padda"]
[Result "1-0"]
[WhiteElo "2438"]
[BlackElo "2122"]
[PlyCount "67"]
[EventDate "2000.??.??"]

1. d4 Nf6 2. c4 Nc6 3. Nf3 e6 4. Nc3 Bb4 5. Qc2 O-O 6. a3 Bxc3+ 7. bxc3 d5 8.
e3 b6 9. cxd5 exd5 10. a4 Na5 11. Ba3 Re8 12. Bb4 Nc4 13. Bxc4 dxc4 14. Ne5 Qd5
15. O-O c5 16. Ba3 Bb7 17. f3 cxd4 18. cxd4 Rac8 19. Rad1 Nd7 20. e4 Qe6 21.
Ng4 Qg6 22. Ne3 a6 23. Nf5 b5 24. Nd6 Rb8 25. Nxe8 Rxe8 26. Rb1 Qb6 27. Rfd1
Rc8 28. Qc3 f5 29. exf5 Nf6 30. Bc5 Rxc5 31. dxc5 Qxc5+ 32. Qd4 Qxd4+ 33. Rxd4
Bc6 34. Rd6 {padda resigns} 1-0

[Event "ICS rated blitz match"]
[Site "204.178.125.65"]
[Date "2000.11.20"]
[Round "?"]
[White "Hossa"]
[Black "jmsalgadoa"]
[Result "1-0"]
[WhiteElo "2446"]
[BlackElo "2075"]
[PlyCount "109"]
[EventDate "2000.??.??"]

1. d4 d5 2. c4 e6 3. Nf3 Nf6 4. e3 Bd6 5. c5 Be7 6. Bd3 Nc6 7. Nc3 e5 8. Nxe5
Nxe5 9. dxe5 Ng4 10. Be2 Nxe5 11. Qxd5 Nc6 12. Qxd8+ Bxd8 13. O-O Be7 14. Nb5
O-O 15. Nxc7 Rb8 16. Bb5 Bxc5 17. Na6 bxa6 18. Bxc6 Be6 19. g3 Rfc8 20. Be4 Bb4
21. Rd1 f5 22. Bd5 Bxd5 23. Rxd5 Rc2 24. a3 Be7 25. Kg2 Rbc8 26. Rd1 Bf6 27.
Rb1 Re2 28. b4 Rcc2 29. Rf1 Bc3 30. h3 Kf7 31. g4 Ke6 32. gxf5+ Kxf5 33. Kf3
Be1 34. Bd2 Rexd2 35. Rbxe1 Rd3 36. Rg1 g6 37. a4 Rdd2 38. Ref1 Rc4 39. Rg4
Rdc2 40. Rd1 Ke6 41. Rgd4 Rxd4 42. Rxd4 Rb2 43. a5 h5 44. Re4+ Kf5 45. Re7 Rxb4
46. Rf7+ Ke6 47. Rxa7 Ra4 48. Rxa6+ Kf5 49. Ra8 g5 50. a6 g4+ 51. hxg4+ hxg4+
52. Kg3 Ke6 53. a7 Kf7 54. Rh8 Kg7 55. a8=Q {jmsalgadoa resigns} 1-0

[Event "ICS rated blitz match"]
[Site "204.178.125.65"]
[Date "2000.11.20"]
[Round "?"]
[White "jmsalgadoa"]
[Black "Hossa"]
[Result "0-1"]
[WhiteElo "2072"]
[BlackElo "2449"]
[PlyCount "76"]
[EventDate "2000.??.??"]

1. e4 c5 2. Nf3 Nc6 3. Bb5 g6 4. Bxc6 dxc6 5. d3 c4 6. O-O cxd3 7. Qxd3 Qxd3 8.
cxd3 Bg7 9. Nc3 Bg4 10. Be3 Bxf3 11. gxf3 Rd8 12. Rfd1 Nf6 13. Kf1 Nd7 14. d4
Nf8 15. Ke2 Ne6 16. d5 Bxc3 17. dxe6 Rxd1 18. exf7+ Kxf7 19. Rxd1 Bxb2 20. Rb1
Be5 21. f4 Bb8 22. Rxb7 Ke6 23. Bc5 Re8 24. Ke3 a5 25. a4 h6 26. h4 Bd6 27. Bd4
Rf8 28. h5 Bxf4+ 29. Kd3 gxh5 30. Bc5 Bd6 31. Be3 Bb4 32. f4 Rd8+ 33. Ke2 h4
34. f5+ Ke5 35. Kf3 Rd3 36. Rc7 Bc5 37. Rxc6 Rxe3+ 38. Kg4 Rxe4+ {
jmsalgadoa resigns} 0-1

[Event "ICS rated blitz match"]
[Site "204.178.125.65"]
[Date "2000.11.20"]
[Round "?"]
[White "PostModernist"]
[Black "Hossa"]
[Result "1-0"]
[WhiteElo "2642"]
[BlackElo "2452"]
[PlyCount "103"]
[EventDate "2000.??.??"]

1. e4 c5 2. c3 Nf6 3. e5 Nd5 4. d4 cxd4 5. Nf3 e6 6. cxd4 d6 7. Bc4 dxe5 8.
dxe5 Bb4+ 9. Bd2 O-O 10. Bxd5 Bxd2+ 11. Qxd2 exd5 12. Nc3 Nc6 13. O-O-O Ne7 14.
Nxd5 Nxd5 15. Qxd5 Qc7+ 16. Kb1 Bf5+ 17. Ka1 Rad8 18. Qb3 Rxd1+ 19. Rxd1 Rc8
20. Qe3 Qc2 21. Rg1 Qc4 22. Nd4 Bd7 23. g4 Kh8 24. g5 Kg8 25. b3 Qc5 26. f4 Qa3
27. f5 a5 28. e6 fxe6 29. fxe6 Be8 30. Rd1 a4 31. e7 Qc5 32. bxa4 b6 33. Rf1
Bf7 34. Rf2 Qc4 35. Rc2 Qf1+ 36. Kb2 Rb8 37. Qe5 Re8 38. Nf5 Qxf5 39. Qxf5 Rxe7
40. Qb5 Re8 41. Qxb6 Kh8 42. Rc7 Re2+ 43. Kc3 Kg8 44. Qb7 Re3+ 45. Kd4 Re6 46.
Rxf7 Rg6 47. Qe7 h6 48. gxh6 Rg4+ 49. Ke3 Kh7 50. Rxg7+ Kxh6 51. Qf6+ Kh5 52.
Rh7# {Hossa checkmated} 1-0

[Event "ICS rated blitz match"]
[Site "204.178.125.65"]
[Date "2000.11.20"]
[Round "?"]
[White "Hossa"]
[Black "cfd"]
[Result "1-0"]
[WhiteElo "2442"]
[BlackElo "2183"]
[PlyCount "99"]
[EventDate "2000.??.??"]

1. d4 g6 2. e4 Bg7 3. Nf3 d6 4. Bd3 Nd7 5. O-O c6 6. c3 Qc7 7. Na3 e5 8. dxe5
dxe5 9. Be3 Ngf6 10. Qd2 O-O 11. h3 Re8 12. Rfd1 b5 13. Bh6 Nc5 14. Bxg7 Kxg7
15. Qe3 Qb6 16. Qe2 Nfd7 17. b4 Na4 18. Qd2 a5 19. Rab1 axb4 20. cxb4 Qa7 21.
Rbc1 Nab6 22. Rc3 Bb7 23. Qg5 f6 24. Qg4 Nf8 25. Bc2 Rad8 26. Rdd3 Rxd3 27.
Bxd3 Bc8 28. Qg3 Bd7 29. Bb1 Ne6 30. Bc2 Nf4 31. Kf1 Be6 32. Nd2 Nc4 33. Naxc4
bxc4 34. Ra3 Qb6 35. Qc3 Qd4 36. Nf3 Qxc3 37. Rxc3 Rb8 38. a3 Rd8 39. h4 Kf7
40. g3 Nd3 41. Ba4 Rd6 42. Ke2 Ke7 43. Nd2 Nb2 44. Bc2 Rd4 45. a4 Nd3 46. Bxd3
cxd3+ 47. Rxd3 Rxd3 48. Kxd3 Kd6 49. Nc4+ Kc7 50. a5 {cfd resigns} 1-0

[Event "ICS rated blitz match"]
[Site "204.178.125.65"]
[Date "2000.11.20"]
[Round "?"]
[White "cfd"]
[Black "Hossa"]
[Result "1-0"]
[WhiteElo "2177"]
[BlackElo "2448"]
[PlyCount "141"]
[EventDate "2000.??.??"]

1. d4 e6 2. e3 Nf6 3. Bd3 d5 4. Nd2 c5 5. c3 Nc6 6. f4 Bd7 7. Ngf3 Ng4 8. Qe2
c4 9. Bc2 Be7 10. h3 Nh6 11. g4 Qc7 12. O-O f6 13. Kh1 Bd6 14. Nh4 Ne7 15. Ndf3
Nf7 16. g5 fxg5 17. Nxg5 Nxg5 18. fxg5 O-O-O 19. e4 e5 20. Nf5 Nxf5 21. exf5 e4
22. b3 cxb3 23. Bxb3 h6 24. g6 Qxc3 25. Be3 Bb5 26. Qf2 Bxf1 27. Rc1 Qxc1 28.
Bxc1 Bc4 29. Bf4 Rhf8 30. Be5 Bxe5 31. dxe5 Bxb3 32. axb3 Rfe8 33. Qf4 h5 34.
f6 Rf8 35. f7 Kd7 36. Qf5+ Ke7 37. Qg5+ Ke6 38. Qxh5 Rh8 39. Qg4+ Kxe5 40. Qg5+
Ke6 41. Qg4+ Kf6 42. Kg2 e3 43. Kf3 d4 44. h4 a6 45. Qg5+ Ke6 46. Qg4+ Kd5 47.
Qg5+ Kd6 48. Qf4+ Kc5 49. Qe5+ Kb4 50. Qxg7 e2 51. Kxe2 Kxb3 52. Qxh8 Rxh8 53.
g7 Rc8 54. g8=Q Rxg8 55. fxg8=Q+ Kb4 56. Kd3 b5 57. Kxd4 a5 58. h5 a4 59. h6 a3
60. h7 a2 61. Qf8+ Kb3 62. Qf1 Kb4 63. Qa1 Ka5 64. Qxa2+ Kb6 65. h8=Q b4 66.
Qh7 b3 67. Qxb3+ Kc6 68. Qh6+ Kd7 69. Qbe6+ Kc7 70. Qg7+ Kd8 71. Qeg8# {
Hossa checkmated} 1-0

[Event "ICS rated blitz match"]
[Site "204.178.125.65"]
[Date "2000.11.20"]
[Round "?"]
[White "Hossa"]
[Black "Tuborg"]
[Result "1-0"]
[WhiteElo "2422"]
[BlackElo "2254"]
[PlyCount "61"]
[EventDate "2000.??.??"]

1. d4 Nf6 2. c4 g6 3. Nc3 Bg7 4. e4 d6 5. Nf3 O-O 6. Be2 Na6 7. O-O e5 8. dxe5
dxe5 9. Nxe5 Qxd1 10. Rxd1 Nc5 11. f3 Nfxe4 12. Nxe4 Nxe4 13. Nxg6 hxg6 14.
fxe4 Re8 15. Bf3 Be6 16. Bf4 c5 17. e5 Bxc4 18. Rdc1 Be6 19. Rxc5 Rab8 20. Rc7
Bc8 21. Bd5 Be6 22. Bxb7 Bf5 23. Bd5 Bxe5 24. Bxf7+ Kh8 25. Bxe5+ Rxe5 26. b3
a5 27. h4 Kg7 28. g4 Be4 29. Re1 Kf6 30. Bc4 Rbe8 31. Rf7# {Tuborg checkmated}
1-0

[Event "ICS rated blitz match"]
[Site "204.178.125.65"]
[Date "2000.11.20"]
[Round "?"]
[White "Tinker"]
[Black "Hossa"]
[Result "1-0"]
[WhiteElo "2563"]
[BlackElo "2431"]
[PlyCount "83"]
[EventDate "2000.??.??"]

1. e4 c6 2. d4 d5 3. Nc3 dxe4 4. Nxe4 Bf5 5. Ng3 Bg6 6. h4 h6 7. Nf3 Nf6 8. Ne5
Bh7 9. Bc4 e6 10. Qe2 Qxd4 11. Nxf7 Bb4+ 12. c3 Bxc3+ 13. Kf1 O-O 14. bxc3 Qxc3
15. Bb2 Qb4 16. Bxf6 Rxf7 17. Qxe6 Qf8 18. Nh5 gxf6 19. Nxf6+ Kg7 20. Ne8+ Kh8
21. Qxf7 Qxf7 22. Bxf7 Bd3+ 23. Kg1 Nd7 24. Re1 Rd8 25. Re6 Kh7 26. Rd6 Bf5 27.
Bh5 Rxe8 28. Bxe8 Nc5 29. f3 Bb1 30. Kh2 Bxa2 31. Ra1 Bd5 32. Rxa7 Kg8 33. Rxh6
Be6 34. g4 Bd5 35. f4 Kf8 36. Rh7 Be4 37. f5 Ne6 38. Bg6 Ng7 39. Rxb7 Bd5 40.
Rh8+ Bg8 41. Rf7+ Ke8 42. Rxg8# {Hossa checkmated} 1-0

[Event "ICS rated blitz match"]
[Site "204.178.125.65"]
[Date "2000.11.21"]
[Round "?"]
[White "Hossa"]
[Black "PostModernist"]
[Result "0-1"]
[WhiteElo "2421"]
[BlackElo "2684"]
[PlyCount "128"]
[EventDate "2000.??.??"]

1. d4 f5 2. g3 e6 3. Nf3 d5 4. Bg2 Bd6 5. O-O Nf6 6. Ne5 O-O 7. Bg5 Nbd7 8.
Nxd7 Bxd7 9. c3 Qe8 10. Nd2 Qh5 11. Nf3 Ne4 12. Bc1 c5 13. Ne5 Bxe5 14. dxe5 c4
15. Re1 a5 16. Be3 a4 17. Qc1 Rac8 18. Qc2 Rfe8 19. Red1 Bb5 20. Bb6 Bc6 21.
Bf3 Qh3 22. Qc1 Ra8 23. Qe3 a3 24. Rdb1 axb2 25. Rxb2 Ra3 26. Rc2 Ba4 27. Rcc1
Bd7 28. Bd4 Rea8 29. Rc2 Ba4 30. Rb2 Bb3 31. Bg2 Qh5 32. f3 Ng5 33. h4 Nf7 34.
Qd2 Qg6 35. Kf2 h5 36. Bh3 Nd8 37. Bc5 R3a6 38. Bg2 Nc6 39. Bd6 Ra5 40. e3 b6
41. Bc7 R5a6 42. Qe2 b5 43. Bd6 Nd8 44. f4 Nf7 45. Bb4 Nh6 46. Qd2 Kh8 47. Be7
Ng4+ 48. Kg1 Qf7 49. Bc5 Qc7 50. Bd4 Ra4 51. Bf3 Qa5 52. Bc5 Bxa2 53. Rc1 Bb3
54. Rcb1 Ra2 55. Bg2 Rxb2 56. Rxb2 b4 57. Bxb4 Qa1+ 58. Bf1 Nxe3 59. Qxe3 Qxb2
60. Qb6 Ra2 61. Qb8+ Kh7 62. Be2 Qxe2 63. Qh8+ Kxh8 64. g4 Ra1# {
Hossa checkmated} 0-1

[Event "ICS rated blitz match"]
[Site "204.178.125.65"]
[Date "2000.11.21"]
[Round "?"]
[White "chinas"]
[Black "Hossa"]
[Result "0-1"]
[WhiteElo "2033"]
[BlackElo "2415"]
[PlyCount "91"]
[EventDate "2000.??.??"]

1. e4 c5 2. Nf3 Nc6 3. d4 cxd4 4. Nxd4 g6 5. Nc3 Bg7 6. Be3 Qa5 7. f3 f5 8.
Nxc6 bxc6 9. Bd4 e5 10. Be3 fxe4 11. fxe4 Nf6 12. Be2 Nxe4 13. O-O Nxc3 14.
bxc3 Qxc3 15. Bd3 e4 16. Qg4 exd3 17. cxd3 Qxa1 18. Rxa1 Bxa1 19. Qe4+ Kf7 20.
Qf4+ Ke7 21. Qe4+ Kd8 22. Bg5+ Kc7 23. Qa4 d6 24. Qa5+ Kd7 25. Qe1 Bd4+ 26. Kh1
Kc7 27. Qa5+ Bb6 28. Qc3 Rf8 29. h3 Rf1+ 30. Kh2 Bg1+ 31. Kg3 Be6 32. Qg7+ Rf7
33. Qc3 Rg8 34. d4 Rf5 35. Be3 Bxe3 36. Qxe3 Bd7 37. d5 c5 38. Qe7 Rxd5 39.
Qxh7 Rg5+ 40. Kh2 Re8 41. Qf7 Re2 42. Qf3 Rxa2 43. h4 Rg4 44. Kg1 Raxg2+ 45.
Qxg2 a5 46. Qxg4 {chinas resigns} 0-1

[Event "ICS rated blitz match"]
[Site "204.178.125.65"]
[Date "2000.11.21"]
[Round "?"]
[White "top"]
[Black "Hossa"]
[Result "0-1"]
[WhiteElo "2165"]
[BlackElo "2418"]
[PlyCount "42"]
[EventDate "2000.??.??"]

1. c4 Nf6 2. Nc3 e5 3. Nf3 Nc6 4. g3 Bb4 5. Nd5 Bc5 6. Bg2 d6 7. O-O O-O 8. e3
e4 9. Ng5 Nxd5 10. cxd5 Qxg5 11. dxc6 d5 12. d3 bxc6 13. dxe4 Ba6 14. Re1 Bb4
15. Bd2 Rab8 16. Qc2 Bxd2 17. Qxd2 dxe4 18. Bxe4 Qe5 19. Bxc6 Rxb2 20. Qd5 Qf6
21. Rab1 Qxf2+ {top resigns} 0-1